01285nam a2200313 i 4500001001000000003000900010005001700019007000300036008004100039040003000080041000800110082002300118100005300141245014200194264004600336300002800382336002700410337003300437338002700470490004500497500007300542501003100615563006200646600007000708600007300778700005300851700002500904700004200929000015514DO-SdBNP20241126125455.0ta100211s2000 dr 000 0 spa d aDO-SdBNPbspacBNPHUerda hspa 4aRD868.3bB697m2221 aBonó, Pedro Francisco,d1828-1906eautor4aut.13aEl montero ;bEpistolario /cPedro Francisco Bonó ; estudio preliminar y notas, Raymundo González ; edición, Andrés Blanco Díaz 4aSanto Domingo :bEditora Corripio,c2000. a365 páginas ;c24 cm. atextobtxt2rdacontent asin mediaciónbn2rdamedia avolumenbn2rdacarrier0 aBiblioteca de Clásicos Dominicanosv31 aIncluye referencias bibliográficas y notas al pie de las páginas aPublicado con: Epistolario aDos obras encuadernadas juntas con paginación continua.14aBonó, Pedro Francisco,d1828-1906xCrítica e interpretación14aBonó, Pedro Francisco,d1828-1906xcorrespondencia, memorias, etc.1 aBonó, Pedro Francisco,d1828-1906tEpistolario1 aGonzález, Raymundo1 aBlanco Díaz, Andrés,eeditor4ed.